Projections of population of Pakistan, 1961-1981: (Record no. 36084)
[ view plain ]
| 000 -LEADER | |
|---|---|
| fixed length control field | 01200nam a22002897a 4500 |
| 001 - CONTROL NUMBER | |
| control field | 36084 |
| 003 - CONTROL NUMBER IDENTIFIER | |
| rucl marc code | BD-RjUL |
| 005 - DATE AND TIME OF LATEST TRANSACTION | |
| control field | 20211209052430.0 |
| 008 - FIXED-LENGTH DATA ELEMENTS--GENERAL INFORMATION | |
| fixed length control field | 170314s1967 pk ||||| |||| 00| 0 eng d |
| 020 ## - INTERNATIONAL STANDARD BOOK NUMBER | |
| Terms of availability | : PRs. 2.50 |
| 035 ## - SYSTEM CONTROL NUMBER | |
| System control number | (BD-RjUL)36181 |
| 040 ## - CATALOGING SOURCE | |
| Original cataloging agency | BD-RjUL |
| Language of cataloging | eng |
| Transcribing agency | BD-RjUL |
| 041 ## - LANGUAGE CODE | |
| Language code of text/sound track or separate title | eng |
| 082 ## - DEWEY DECIMAL CLASSIFICATION NUMBER | |
| Classification number | 304.609549021 |
| Author mark and year | PAP 1967 (CBN7) |
| 110 ## - MAIN ENTRY--CORPORATE NAME | |
| Corporate name or jurisdiction name as entry element | Pakistan. |
| Subordinate unit | Islamabad.Census Organization (Home Affairs Division). Ministry of Home & Kashmir Affairs. |
| 9 (RLIN) | 195428 |
| 245 10 - TITLE STATEMENT | |
| Title | Projections of population of Pakistan, 1961-1981: |
| Remainder of title | Census Bulletin No. 7 / |
| Statement of responsibility, etc. | Pakistan.Islamabad.Census Organization (Home Affairs Division). Ministry of Home & Kashmir Affairs; Abdul Kader Faquir ... [et al.] |
| 246 ## - VARYING FORM OF TITLE | |
| Title proper/short title | Population census of of Pakistan, 1961: |
| Remainder of title | Census Bulletin No. 7 |
| 260 ## - PUBLICATION, DISTRIBUTION, ETC. (IMPRINT) | |
| Place of publication, distribution, etc. | Karachi: |
| Name of publisher, distributor, etc. | Manager of Publications, |
| Date of publication, distribution, etc. | 1967. |
| 300 ## - PHYSICAL DESCRIPTION | |
| Pagination | xi, 85 p. : |
| Illustrations | ill. ; |
| Size | 25 cm. |
| 490 ## - SERIES STATEMENT | |
| Series statement | Census bulletin ; |
| Volume/sequential designation | No. 7 |
| 651 ## - SUBJECT ADDED ENTRY--GEOGRAPHIC NAME | |
| Geographic subdivision | Pakistan |
| Form subdivision | Statistics. |
| 9 (RLIN) | 195429 |
| Geographic subdivision | Pakistan |
| Form subdivision | Census, 1961. |
| 9 (RLIN) | 194424 |
| 700 ## - ADDED ENTRY--PERSONAL NAME | |
| Personal name | Faquir, Abdul Kader ... [et al.] |
| 710 ## - ADDED ENTRY--CORPORATE NAME | |
| Corporate name or jurisdiction name as entry element | Census Organization (Pakistan) |
| 9 (RLIN) | 186435 |
| 830 ## - SERIES ADDED ENTRY--UNIFORM TITLE | |
| Uniform title | Census bulletin ; |
| Volume number/sequential designation | No. 7 |
| 942 ## - ADDED ENTRY ELEMENTS (KOHA) | |
| Source of classification or shelving scheme | Dewey Decimal Classification |
| Koha item type | Rare Books |
| Lost status | Source of classification or shelving scheme | Damaged status | Not for loan | Collection code | Permanent Location | Current Location | Shelving location | Date acquired | Source of acquisition | Cost, normal purchase price | Total Checkouts | Full call number | Date last seen | Copy number | Koha item type |
|---|---|---|---|---|---|---|---|---|---|---|---|---|---|---|---|
| Dewey Decimal Classification | Not For Loan | Rare Books | Central Library, University of Rajshahi | Central Library, University of Rajshahi | Rare Book Section | 09/11/1968 | Warsi Book Center | 2.50 | RA 304.609549021 PAP 1967(CBN7) | 16/06/2014 | C-1 | Rare Books | |||
| Dewey Decimal Classification | Not For Loan | Rare Books | Central Library, University of Rajshahi | Central Library, University of Rajshahi | Rare Book Section | 09/11/1968 | RA 304.609549021 PAP 1967(CBN7) | 24/06/2014 | C-2 | Rare Books | |||||
| Dewey Decimal Classification | Not For Loan | Rare Books | Central Library, University of Rajshahi | Central Library, University of Rajshahi | Rare Book Section | 14/03/2017 | RA 304.609549021 PAP 1967(CBN7) | 14/03/2017 | C-3 | Rare Books | |||||
| Dewey Decimal Classification | Not For Loan | Rare Books | Central Library, University of Rajshahi | Central Library, University of Rajshahi | Rare Book Section | 14/03/2017 | RA 304.609549021 PAP 1967(CBN7) | 14/03/2017 | C-4 | Rare Books |